Carcassonne - Choix multiples - Statistiques

Statistiques générales
  • Ce quiz a été pris 114 fois
  • Le résultat moyen est 7 sur 10
Statistiques - réponses
Question Réponse % Correct
De quelle spécialité culinaire l'une des principales variantes est-elle originaire de Carcassonne ? Le cassoulet
90%
Lequel de ces cours d'eau n'arrose PAS Carcassonne ? Le Tarn
77%
A quoi la ville donne-t-elle son nom ? Un jeu de société
76%
Sur laquelle de ces photographies la porte narbonnaise de Carcassonne apparaît-elle ?
70%
A l'issue de quel conflit la cité passa-t-elle sous giron français ? La première croisade contre les Albigeois
70%
En quoi consistait l'œuvre controversée de l'artiste suisse Felice Varini posée sur les murs de la cité cinq mois durant en 2018 ? Des cercles concentriques jaunes
66%
Quel célèbre architecte mis en œuvre la restauration de la cité au XIXe siècle ? Eugène Viollet-le-Duc
64%
Quel nom désigne la ville basse de Carcassonne, par opposition à la cité ? Bastide Saint-Louis
59%
Selon la légende, comment dame Carcas, qui donnerait son nom à la ville, aurait-elle empêcher Charlemagne de prendre Carcassonne à l'issue d'un siège ? Elle aurait jeté un porc bien nourri de l'autre côté des murailles de la cité.
58%
De quel film se déroulant en partie à Carcassonne cette image est-elle tirée ?
Le Corniaud
43%
Aucun quiz correspondant
Distribution des résultats
% des personnes avec chaque résultat
Percentile par nombre de réponses
Votre historique - résultats
Vous n’avez pas pris ce quiz